000 00535nmm a2200169Ia 4500
008 251105s9999||||xx |||||||||||||||||und||
020 _a849742350X
041 _aspa
100 _aLópez de la Vieja, Mª Teresa
245 0 _aCiudadanos de Europa. Derechos fundamentales en la Unión Europea
264 _a[Madrid, España] :
_bBiblioteca Nueva,
_c2005
300 _a208 páginas
490 _aEnsayo Pensamiento
650 _aPolitical Science (General)
856 _uhttps://public.digitaliapublishing.com/a/5555
942 _cCF
999 _c74150
_d74150